| 000 | 00464nam a22001457a 4500 | ||
|---|---|---|---|
| 999 |
_c520072 _d520072 |
||
| 020 | _a9789354351273 | ||
| 082 | _aA99 G15 | ||
| 100 |
_aGantara, Ami _931644 |
||
| 245 |
_aMahabharata unravelled: lesser - known facets of a well-known history _cby Ami Gantara |
||
| 260 |
_aNew Delhi _bBloomsbury _c2022 |
||
| 300 | _a373p. | ||
| 650 |
_aMyth & legend told as fiction _931645 |
||
| 650 |
_aFiction - General _931646 |
||
| 650 |
_aAncient religions & mythologies _931647 |
||